[Event "Robecchetto op-A 25th"]
[Site "Robecchetto"]
[Date "2014.12.27"]
[Round "3"]
[White "Vitale, Alessandro"]
[Black "Berni, Fabrizio"]
[Result "1/2-1/2"]
[WhiteElo "1882"]
[BlackElo "2121"]
[PlyCount "38"]
[EventDate "2014.12.26"]
[EventType "swiss"]
[EventRounds "6"]
[EventCountry "ITA"]
[SourceTitle "EXT 2017"]
[Source "ChessBase"]
[SourceDate "2016.10.25"]
[SourceVersion "1"]
[SourceVersionDate "2016.10.25"]
[SourceQuality "1"]

1. f4 c5 2. Nf3 g6 3. e3 Bg7 4. d4 Nf6 5. Bd3 0-0 6. 0-0 Nc6 7. c3 d6 8. Qc2 e5 9. fxe5 dxe5 10. dxc5 Qe7 11. e4 Qxc5+ 12. Qf2 Qd6 13. Bc2 h6 14. h3 Be6 15. Be3 Rfe8 16. Nbd2 Qc7 17. Bb3 Bxb3 18. axb3 b6 19. Ra4 Nh5 1/2-1/2

[Event "Milan Crespi op-A 32nd"]
[Site "Milan"]
[Date "2011.12.10"]
[Round "9"]
[White "Andreoni, Giuseppe"]
[Black "Berni, Fabrizio"]
[Result "1-0"]
[WhiteElo "2122"]
[BlackElo "2146"]
[PlyCount "51"]
[EventDate "2011.12.03"]
[EventType "swiss"]
[EventRounds "9"]
[EventCountry "ITA"]
[SourceTitle "EXT 2022"]
[Source "ChessBase"]
[SourceDate "2021.10.06"]
[SourceVersion "1"]
[SourceVersionDate "2021.10.06"]
[SourceQuality "1"]

1. e4 c5 2. Nf3 e6 3. d4 cxd4 4. Nxd4 a6 5. Bd3 Qc7 6. Qe2 d6 7. 0-0 Nf6 8. Be3 Nc6 9. c4 g6 10. Nc3 Bg7 11. Rad1 0-0 12. Kh1 Re8 13. Bb1 Ne5 14. b3 Neg4 15. Ndb5 axb5 16. Nxb5 Qe7 17. Bb6 Ra6 18. Bc7 d5 19. e5 dxc4 20. exf6 Nxf6 21. Bd6 Qd7 22. bxc4 e5 23. f3 Rc6 24. Bc2 b6 25. Ba4 Ba6 26. Nc7 1-0

[Event "Milan Crespi op-A 32nd"]
[Site "Milan"]
[Date "2011.12.08"]
[Round "7"]
[White "Battistella, Stefano"]
[Black "Berni, Fabrizio"]
[Result "1/2-1/2"]
[WhiteElo "2081"]
[BlackElo "2146"]
[PlyCount "68"]
[EventDate "2011.12.03"]
[EventType "swiss"]
[EventRounds "9"]
[EventCountry "ITA"]
[SourceTitle "EXT 2022"]
[Source "ChessBase"]
[SourceDate "2021.10.06"]
[SourceVersion "1"]
[SourceVersionDate "2021.10.06"]
[SourceQuality "1"]

1. c4 e6 2. Nf3 Nf6 3. d4 d5 4. g3 Bb4+ 5. Bd2 Be7 6. Bg2 0-0 7. Qc2 c6 8. 0-0 b6 9. Bf4 Ba6 10. b3 Nbd7 11. Nbd2 Nh5 12. e4 Nxf4 13. gxf4 dxe4 14. Nxe4 g6 15. Rfd1 Bb7 16. Ne5 Qc7 17. Qe2 Nf6 18. Rac1 Nxe4 19. Qxe4 Rac8 20. Rd3 Kg7 21. Rh3 f5 22. Qe2 Rcd8 23. Rd1 Rfe8 24. Rdd3 Bf6 25. Rdg3 Bxe5 26. fxe5 Re7 27. Qh5 Kh8 28. Qxg6 Rf8 29. Qh6 Rff7 30. Rg6 Bc8 31. Rhg3 Re8 32. h4 c5 33. Rf6 cxd4 34. Rd3 Ree7 1/2-1/2

[Event "Milan Crespi op-A 32nd"]
[Site "Milan"]
[Date "2011.12.06"]
[Round "4"]
[White "Berni, Fabrizio"]
[Black "Gonella, Daniele"]
[Result "1-0"]
[WhiteElo "2146"]
[BlackElo "2103"]
[PlyCount "112"]
[EventDate "2011.12.03"]
[EventType "swiss"]
[EventRounds "9"]
[EventCountry "ITA"]
[SourceTitle "EXT 2022"]
[Source "ChessBase"]
[SourceDate "2021.10.06"]
[SourceVersion "1"]
[SourceVersionDate "2021.10.06"]
[SourceQuality "1"]

1. e4 e5 2. Nf3 Nc6 3. Bb5 a6 4. Ba4 b5 5. Bb3 Nf6 6. d3 Be7 7. 0-0 0-0 8. Re1 Bb7 9. Nbd2 Re8 10. a3 Bf8 11. c3 Na5 12. Ba2 c5 13. b4 Nc6 14. Ng5 Re7 15. bxc5 h6 16. Ngf3 d6 17. cxd6 Qxd6 18. Bb1 Rd8 19. a4 Qc7 20. axb5 axb5 21. Ba3 Red7 22. Bxf8 Rxf8 23. Qb3 Qb6 24. Nc4 Qc5 25. Ne3 Rc8 26. Qb2 Rb8 27. Rc1 Rc7 28. Ba2 Ra8 29. d4 Qe7 30. Nd5 Nxd5 31. exd5 Nd8 32. dxe5 Rc5 33. Qd2 Rxa2 34. Qxa2 Bxd5 35. Qe2 Nc6 36. h3 g6 37. Qe3 Kg7 38. Nd4 Qg5 39. Qxg5 hxg5 40. Rab1 Bc4 41. Nxc6 Rxc6 42. Re1 Kf8 43. Re3 Rc5 44. f3 Ke7 45. Kf2 Ke6 46. Rbe1 Kf5 47. g4+ Ke6 48. Kg3 Bd5 49. h4 gxh4+ 50. Kxh4 Rc8 51. f4 Rg8 52. Kg3 Rh8 53. Rd3 Rc8 54. f5+ gxf5 55. gxf5+ Kxf5 56. Rxd5 Rxc3+ 1-0

[Event "Politiken Cup 33rd"]
[Site "Helsingor"]
[Date "2011.08.01"]
[Round "4"]
[White "Berni, Fabrizio"]
[Black "Knudsen, Jes West"]
[Result "1-0"]
[WhiteElo "2147"]
[BlackElo "1960"]
[PlyCount "55"]
[EventDate "2011.07.30"]
[EventType "swiss"]
[EventRounds "10"]
[EventCountry "DEN"]
[SourceTitle "CBM 143 Extra"]
[Source "ChessBase"]
[SourceDate "2011.08.29"]
[SourceVersion "1"]
[SourceVersionDate "2011.08.29"]
[SourceQuality "1"]

1. e4 c5 2. Nf3 a6 3. c3 d5 4. exd5 Qxd5 5. d4 cxd4 6. cxd4 Nf6 7. Nc3 Qd6 8. Be3 e6 9. Bd3 Nbd7 10. 0-0 Nb6 11. Ne5 Nfd5 12. Ne4 Qe7 13. Bg5 f6 14. Qh5+ g6 15. Nxf6+ Nxf6 16. Bxg6+ Kd8 17. Qh4 Bg7 18. Nf7+ Kd7 19. Nxh8 Bxh8 20. Rac1 Nbd5 21. Be4 Qg7 22. Bf3 Ke8 23. Rfe1 Kf7 24. Re5 Qg6 25. Bh6 Ng8 26. Bh5 Bxe5 27. Bxg6+ hxg6 28. dxe5 1-0

[Event "Politiken Cup 33rd"]
[Site "Helsingor"]
[Date "2011.07.30"]
[Round "1"]
[White "Haug, Johannes"]
[Black "Berni, Fabrizio"]
[Result "1/2-1/2"]
[WhiteElo "1725"]
[BlackElo "2147"]
[PlyCount "70"]
[EventDate "2011.07.30"]
[EventType "swiss"]
[EventRounds "10"]
[EventCountry "DEN"]
[SourceTitle "CBM 143 Extra"]
[Source "ChessBase"]
[SourceDate "2011.08.29"]
[SourceVersion "1"]
[SourceVersionDate "2011.08.29"]
[SourceQuality "1"]

1. e4 c5 2. c3 d5 3. exd5 Qxd5 4. d4 Nc6 5. Nf3 Bg4 6. Be2 cxd4 7. cxd4 e6 8. 0-0 Bb4 9. Nc3 Qa5 10. Ne4 Rd8 11. Be3 Qd5 12. Qc2 Bf5 13. Bd3 Nge7 14. a3 Ba5 15. Nc5 Bxd3 16. Nxd3 Bc7 17. Rfd1 0-0 18. Rac1 Bb8 19. Nde5 Rc8 20. Qb1 Nxe5 21. dxe5 Rxc1 22. Qxc1 Qc6 23. Bc5 Rc8 24. Qd2 Nd5 25. Rc1 b6 26. Be3 Qxc1+ 27. Qxc1 Rxc1+ 28. Bxc1 h6 29. h4 a6 30. g3 Kf8 31. Kf1 Ke7 32. b4 Kd7 33. Bb2 Bc7 34. Ke2 b5 35. Kd3 Bb6 1/2-1/2

[Event "Bergamo op 09th"]
[Site "Bergamo"]
[Date "2010.07.17"]
[Round "3"]
[White "Vezzosi, Paolo"]
[Black "Berni, Fabrizio"]
[Result "1-0"]
[WhiteElo "2362"]
[BlackElo "2154"]
[PlyCount "66"]
[EventDate "2010.07.16"]
[EventType "swiss"]
[EventRounds "6"]
[EventCountry "ITA"]
[SourceTitle "EXT 2024"]
[Source "ChessBase"]
[SourceDate "2023.10.10"]
[SourceVersion "1"]
[SourceVersionDate "2023.10.10"]
[SourceQuality "1"]

1. d4 d5 2. c4 e6 3. Nc3 Nf6 4. Bg5 Be7 5. e3 0-0 6. Nf3 h6 7. Bh4 Ne4 8. Bxe7 Qxe7 9. Rc1 c6 10. Qc2 Nd7 11. Bd3 Nxc3 12. Qxc3 dxc4 13. Bxc4 b6 14. 0-0 c5 15. Bb5 Bb7 16. Bxd7 Bxf3 17. gxf3 Qxd7 18. dxc5 bxc5 19. Rfd1 Qb7 20. Kg2 Rfd8 21. b3 Rxd1 22. Rxd1 Rc8 23. Qc4 e5 24. a3 Rb8 25. Rd3 Qb6 26. f4 Kf8 27. e4 Qb5 28. Rd8+ Ke7 29. Rxb8 Qxb8 30. Qxc5+ Ke8 31. Qxe5+ Qxe5 32. fxe5 a6 33. f3 g5 1-0

[Event "Noale Szabados Memorial-A 3rd"]
[Site "Noale"]
[Date "2010.02.08"]
[Round "3"]
[White "Sbarra, Marco"]
[Black "Berni, Fabrizio"]
[Result "1/2-1/2"]
[WhiteElo "2268"]
[BlackElo "2143"]
[PlyCount "86"]
[EventDate "2010.02.05"]
[EventType "swiss"]
[EventRounds "5"]
[EventCountry "ITA"]
[SourceTitle "EXT 2022"]
[Source "ChessBase"]
[SourceDate "2021.10.06"]
[SourceVersion "1"]
[SourceVersionDate "2021.10.06"]
[SourceQuality "1"]

1. d4 d5 2. c4 e6 3. Nc3 Nf6 4. cxd5 exd5 5. Bg5 Be7 6. e3 c6 7. Qc2 Nbd7 8. Bd3 Nh5 9. Bxe7 Qxe7 10. Nge2 g6 11. 0-0 0-0 12. Rae1 f5 13. Nc1 Qg5 14. f3 Ndf6 15. e4 fxe4 16. fxe4 Nf4 17. exd5 Nxd3 18. Nxd3 Nxd5 19. Rxf8+ Kxf8 20. Re5 Bf5 21. Nxd5 cxd5 22. Qc5+ Kg7 23. Qc7+ Kh6 24. Re7 Rh8 25. Nf4 Qf6 26. Ne2 Be4 27. Qc1+ g5 28. Re5 Rf8 29. Qe1 Bd3 30. Ng3 Qf4 31. Re6+ Bg6 32. Qe3 Rc8 33. Qxf4 gxf4 34. Ne2 Rc2 35. Nxf4 Rxb2 36. h4 Kg7 37. Re7+ Kf8 38. Rc7 Be4 39. Ne6+ Ke8 40. Ng7+ Kf8 41. Ne6+ Ke8 42. Ng7+ Kf8 43. Ne6+ Ke8 1/2-1/2

[Event "Noale Szabados Memorial-A 3rd"]
[Site "Noale"]
[Date "2010.02.07"]
[Round "5"]
[White "Gromovs, Sergejs"]
[Black "Berni, Fabrizio"]
[Result "1-0"]
[WhiteElo "2345"]
[BlackElo "2143"]
[PlyCount "95"]
[EventDate "2010.02.05"]
[EventType "swiss"]
[EventRounds "5"]
[EventCountry "ITA"]
[SourceTitle "EXT 2022"]
[Source "ChessBase"]
[SourceDate "2021.10.06"]
[SourceVersion "1"]
[SourceVersionDate "2021.10.06"]
[SourceQuality "1"]

1. d4 d5 2. Nf3 Nf6 3. c4 e6 4. Nc3 Be7 5. Bf4 0-0 6. e3 c5 7. dxc5 Bxc5 8. Qc2 Nc6 9. a3 a6 10. b4 Be7 11. Rd1 Qb6 12. c5 Nxb4 13. axb4 Qxb4 14. Bd3 Qxc5 15. 0-0 Bd7 16. Be5 Rfc8 17. Rc1 h6 18. Qb2 Qb4 19. Qd2 Qa5 20. Ra1 Qd8 21. Rfb1 Bc6 22. h3 Nd7 23. Bg3 b5 24. Ne2 Nb6 25. Ned4 Be8 26. Ne5 Nc4 27. Nxc4 dxc4 28. Be4 Bc6 29. Bc2 e5 30. Bxe5 Qd5 31. Nf3 Qe6 32. e4 Rd8 33. Qf4 Bc5 34. Rd1 Rxd1+ 35. Rxd1 b4 36. Bd4 Bf8 37. e5 g6 38. h4 Rd8 39. h5 b3 40. Be4 c3 41. hxg6 fxg6 42. Rc1 g5 43. Nxg5 hxg5 44. Qxg5+ Kf7 45. Qh5+ Ke7 46. Bc5+ Kd7 47. Bf5 Bxc5 48. Qf7+ 1-0

[Event "Noale Szabados Memorial-A 3rd"]
[Site "Noale"]
[Date "2010.02.05"]
[Round "1"]
[White "Laketic, Gojko"]
[Black "Berni, Fabrizio"]
[Result "1-0"]
[WhiteElo "2462"]
[BlackElo "2143"]
[PlyCount "89"]
[EventDate "2010.02.05"]
[EventType "swiss"]
[EventRounds "5"]
[EventCountry "ITA"]
[SourceTitle "EXT 2022"]
[Source "ChessBase"]
[SourceDate "2021.10.06"]
[SourceVersion "1"]
[SourceVersionDate "2021.10.06"]
[SourceQuality "1"]

1. d4 d5 2. c4 e6 3. Nc3 Nf6 4. Bg5 Be7 5. e3 Nbd7 6. cxd5 exd5 7. Bd3 c6 8. Qc2 Nh5 9. Bxe7 Qxe7 10. Nge2 Nb6 11. h3 g6 12. a3 Ng7 13. b4 a6 14. Ng3 Ne6 15. Nce2 Qh4 16. Ng1 Qe7 17. N3e2 Ng5 18. Qc5 Nd7 19. Qc2 Nb6 20. Ng3 Ne6 21. N1e2 Qh4 22. a4 Bd7 23. 0-0 0-0 24. Qb3 Qe7 25. Rfe1 h5 26. Nc3 h4 27. Nge2 Rfe8 28. b5 axb5 29. axb5 Rxa1 30. Rxa1 Nc8 31. Qa3 Qg5 32. Rb1 Ng7 33. Nf4 Bf5 34. bxc6 bxc6 35. Rb8 Qf6 36. Qa6 Ne7 37. Ncxd5 Nxd5 38. Nxd5 Qd6 39. Rxe8+ Nxe8 40. Bxf5 Qxd5 41. Bg4 Nf6 42. Bf3 Ne4 43. Qc8+ Kg7 44. Qe8 f5 45. Qe7+ 1-0

[Event "Corsico op-A 41st"]
[Site "Corsico"]
[Date "2009.10.04"]
[Round "4"]
[White "Mastrorilli, Nicola Giovanni"]
[Black "Berni, Fabrizio"]
[Result "1/2-1/2"]
[WhiteElo "1988"]
[BlackElo "2145"]
[PlyCount "40"]
[EventDate "2009.10.02"]
[EventType "swiss"]
[EventRounds "5"]
[EventCountry "ITA"]
[SourceTitle "EXT 2012"]
[Source "ChessBase"]
[SourceDate "2011.11.24"]
[SourceVersion "1"]
[SourceVersionDate "2011.11.24"]
[SourceQuality "1"]

1. d4 d5 2. c4 e6 3. Nc3 Nf6 4. Nf3 Nbd7 5. e3 Be7 6. b3 0-0 7. Bd3 c5 8. 0-0 cxd4 9. exd4 dxc4 10. bxc4 Qa5 11. Nb5 a6 12. Bd2 Bb4 13. Bxb4 Qxb4 14. Rb1 Qe7 15. Nc3 b5 16. cxb5 axb5 17. Bxb5 Ra3 18. Rb3 Ba6 19. Bxa6 Rxa6 20. Qe2 Qd6 1/2-1/2

[Event "Ceriano Laghetto op-A 18th"]
[Site "Ceriano Laghetto"]
[Date "2009.03.28"]
[Round "3"]
[White "Aglietti, Graziano"]
[Black "Berni, Fabrizio"]
[Result "0-1"]
[WhiteElo "2019"]
[BlackElo "2136"]
[PlyCount "52"]
[EventDate "2009.03.27"]
[EventType "swiss"]
[EventRounds "5"]
[EventCountry "ITA"]
[SourceTitle "EXT 2011"]
[Source "ChessBase"]
[SourceDate "2010.11.26"]
[SourceVersion "1"]
[SourceVersionDate "2010.11.26"]
[SourceQuality "1"]

1. e4 Nc6 2. d4 d6 3. f4 d5 4. e5 Bf5 5. c3 e6 6. Bd3 Nh6 7. Nf3 Be7 8. Ng5 Qd7 9. Na3 0-0-0 10. Bxf5 Nxf5 11. g4 Nh6 12. Qe2 f6 13. exf6 gxf6 14. Nxe6 Bxa3 15. bxa3 f5 16. Nc5 Qd6 17. Qb5 Rde8+ 18. Kd1 Nd8 19. Rb1 Nxg4 20. Rf1 a6 21. Qd3 Qg6 22. h3 Nf6 23. Rxb7 Nxb7 24. Qxa6 Qh5+ 25. Kd2 Ne4+ 26. Nxe4 Rxe4 0-1

[Event "Ceriano Laghetto op 12th"]
[Site "Ceriano Laghetto"]
[Date "2005.02.06"]
[Round "6"]
[White "Ranola, Yves"]
[Black "Berni, Fabrizio"]
[Result "1-0"]
[WhiteElo "2455"]
[BlackElo "2156"]
[PlyCount "80"]
[EventDate "2005.01.29"]
[EventType "swiss"]
[EventRounds "5"]
[EventCountry "ITA"]
[SourceTitle "EXT 2007"]
[Source "ChessBase"]
[SourceDate "2006.11.23"]
[SourceVersion "1"]
[SourceVersionDate "2006.11.23"]
[SourceQuality "1"]

1. c4 e5 2. g3 Nc6 3. Bg2 g6 4. Nc3 Bg7 5. e4 d6 6. Nge2 Nge7 7. 0-0 0-0 8. d3 f5 9. Nd5 Be6 10. Be3 Qd7 11. Qd2 Rf7 12. Rae1 a5 13. b3 Raf8 14. f3 b6 15. a3 Kh8 16. b4 axb4 17. axb4 Ng8 18. exf5 Bxf5 19. g4 Be6 20. h3 h5 21. Nec3 Nd4 22. Bxd4 exd4 23. Ne4 Bh6 24. Qb2 Bg7 25. Ng5 Bxd5 26. cxd5 Re7 27. Ne6 Rfe8 28. Qe2 c6 29. f4 cxd5 30. f5 Bh6 31. Qb2 Bg7 32. Bxd5 Nf6 33. Qg2 gxf5 34. Bc6 Qc8 35. Bxe8 Rxe6 36. Bg6 Rxe1 37. Rxe1 fxg4 38. hxg4 Qxg4 39. Qxg4 hxg4 40. Re6 Nd7 1-0

[Event "Ceriano Laghetto op 12th"]
[Site "Ceriano Laghetto"]
[Date "2005.01.29"]
[Round "1"]
[White "Berni, Fabrizio"]
[Black "Cavallini, Gianfranco"]
[Result "1-0"]
[WhiteElo "2156"]
[BlackElo "2020"]
[PlyCount "83"]
[EventDate "2005.01.29"]
[EventType "swiss"]
[EventRounds "5"]
[EventCountry "ITA"]
[SourceTitle "EXT 2007"]
[Source "ChessBase"]
[SourceDate "2006.11.23"]
[SourceVersion "1"]
[SourceVersionDate "2006.11.23"]
[SourceQuality "1"]

1. e4 e5 2. Nf3 d6 3. d4 Nf6 4. Nc3 Nbd7 5. Be2 Be7 6. 0-0 0-0 7. h3 c6 8. a4 Qa5 9. Be3 Kh8 10. Qd2 exd4 11. Nxd4 Rd8 12. Rfd1 Nf8 13. f4 Ng6 14. Bd3 Bd7 15. Qf2 Bf8 16. g4 c5 17. Nf3 Rac8 18. f5 c4 19. fxg6 cxd3 20. cxd3 fxg6 21. Bxa7 Bxg4 22. Bb6 Qb4 23. hxg4 Nxg4 24. Nd5 Nxf2 25. Nxb4 Nxd1 26. Bxd8 Nxb2 27. Bb6 d5 28. Nxd5 Nxd3 29. Nd4 h5 30. Rf1 Bd6 31. Nb5 Be5 32. Ne7 Re8 33. Nxg6+ Kh7 34. Nxe5 Rxe5 35. Nc3 Rg5+ 36. Kh2 Ne5 37. Rf5 Rxf5 38. exf5 g5 39. Ne4 Nf7 40. Be3 Kh6 41. Kh3 h4 42. Nxg5 1-0

[Event "Gorgonzola op 9th"]
[Site "Gorgonzola"]
[Date "2004.11.20"]
[Round "4"]
[White "Berni, Fabrizio"]
[Black "Sbarra, Marco"]
[Result "1-0"]
[WhiteElo "2134"]
[BlackElo "2231"]
[PlyCount "49"]
[EventDate "2004.11.13"]
[EventType "swiss"]
[EventRounds "6"]
[EventCountry "ITA"]
[SourceTitle "EXT 2007"]
[Source "ChessBase"]
[SourceDate "2006.11.23"]
[SourceVersion "1"]
[SourceVersionDate "2006.11.23"]
[SourceQuality "1"]

1. e4 e5 2. Nf3 Nc6 3. Bb5 a6 4. Ba4 Nf6 5. d3 b5 6. Bb3 Bc5 7. 0-0 0-0 8. Bg5 h6 9. Bh4 g5 10. Bg3 d6 11. c3 Bb7 12. Nbd2 Ne7 13. d4 exd4 14. cxd4 Bb6 15. Re1 Ng6 16. e5 dxe5 17. dxe5 Nh5 18. e6 Nxg3 19. exf7+ Kg7 20. hxg3 c5 21. Re6 c4 22. Bc2 Nh8 23. Qe2 Nxf7 24. Rg6+ Kh8 25. Qe6 1-0